000 00533nam a2200193Ia 4500
005 20250326144951.0
008 250326s9999 xx 000 0 und d
020 _a81-7224-854-7
037 _aTextbook
040 _aFMSL
_beng
_cFMSL
041 _aeng
_2eng
084 _aX:8D.44 P9
_qFMSL
100 _aPatwari D C
245 0 _aOptions & futures: indian perspective
_cPatwari D C; Bhargava N
260 _aDelhi
_bDelhi, Jaico
_c2009
300 _a411p
942 _cTB
_hX:8D.44 P9
999 _c1305844
_d1305844